[Event "Mittelrhein Verbandsliga-W 1112"]
[Site "Germany"]
[Date "2012.02.26"]
[Round "7.4"]
[White "Lauter, Helmut"]
[Black "Herranen, Matti"]
[Result "0-1"]
[WhiteElo "1821"]
[BlackElo "2043"]
[PlyCount "80"]
[EventDate "2011.09.18"]
[EventType "team-tourn"]
[EventRounds "11"]
[EventCountry "GER"]
[SourceTitle "EXT 2013"]
[Source "ChessBase"]
[SourceDate "2012.11.22"]
[SourceVersion "1"]
[SourceVersionDate "2012.11.22"]
[SourceQuality "1"]
[WhiteTeam "Arminia Eilendorf"]
[BlackTeam "Aachen PTSV"]
[WhiteTeamCountry "GER"]
[BlackTeamCountry "GER"]

1. Nf3 c5 2. e3 Nf6 3. b3 g6 4. Bb2 Bg7 5. d4 cxd4 6. exd4 0-0 7. Be2 d5 8. 0-0 Nc6 9. Re1 Bf5 10. Nh4 Bd7 11. Bd3 Rc8 12. c3 Re8 13. Nf3 Bg4 14. Bb5 Ne4 15. Qd3 Bxf3 16. gxf3 Nd6 17. Bxc6 Rxc6 18. f4 Bh6 19. Bc1 Qc7 20. f3 Nf5 21. Re5 e6 22. Bd2 Rc8 23. Na3 f6 24. Re2 a6 25. Rae1 Kf7 26. Nb1 Bxf4 27. Bxf4 Qxf4 28. Rg2 h5 29. Rf2 g5 30. Qd2 Qxd2 31. Rxd2 Nh4 32. Kf2 Ng6 33. Rde2 Nf4 34. Re3 h4 35. Rh1 b5 36. Rc1 b4 37. Rc2 e5 38. dxe5 d4 39. e6+ Ke7 40. Re4 d3 0-1

[Event "Mittelrhein Verbandsliga-W 1112"]
[Site "Germany"]
[Date "2012.02.05"]
[Round "6.3"]
[White "Lauter, Helmut"]
[Black "Juelich, Thomas"]
[Result "0-1"]
[WhiteElo "1821"]
[BlackElo "1995"]
[PlyCount "120"]
[EventDate "2011.09.18"]
[EventType "team-tourn"]
[EventRounds "11"]
[EventCountry "GER"]
[SourceTitle "EXT 2013"]
[Source "ChessBase"]
[SourceDate "2012.11.22"]
[SourceVersion "1"]
[SourceVersionDate "2012.11.22"]
[SourceQuality "1"]
[WhiteTeam "Arminia Eilendorf"]
[BlackTeam "Pulheim"]
[WhiteTeamCountry "GER"]
[BlackTeamCountry "GER"]

1. Nf3 Nf6 2. d4 c5 3. e3 g6 4. c3 Qc7 5. Nbd2 Bg7 6. dxc5 Qxc5 7. Nb3 Qc7 8. Bd3 Nc6 9. Qe2 a6 10. 0-0 d5 11. e4 dxe4 12. Bxe4 Nxe4 13. Qxe4 Bf5 14. Qc4 0-0 15. Nfd4 Bd7 16. Nxc6 Qxc6 17. Qxc6 Bxc6 18. Be3 Rfd8 19. Rfd1 Ba4 20. Bb6 Rxd1+ 21. Rxd1 Kf8 22. f3 Ke8 23. Kf2 e6 24. g3 Bf6 25. Rd2 Bxb3 26. axb3 Rc8 27. b4 Rc6 28. Bc5 Rc7 29. Ke3 Rd7 30. Rxd7 Kxd7 31. Kd3 Kc6 32. Be3 Be7 33. f4 h5 34. Kd4 Bd6 35. Ke4 Kb5 36. Kd3 e5 37. fxe5 Bxe5 38. b3 f5 39. Bf4 Bf6 40. Bd6 Kc6 41. Bf4 h4 42. Bb8 Be7 43. Ba7 Bd6 44. Bf2 h3 45. Bg1 f4 46. gxf4 Bxf4 47. Ke4 Bd2 48. Bd4 Kd6 49. Kf3 Kd5 50. Kg3 Ke4 51. Kxh3 Kd3 52. Kg4 Kc2 53. h4 Kxb3 54. Be5 Kc4 55. Bf6 b6 56. Bd4 a5 57. bxa5 bxa5 58. Bf6 Bxc3 59. Kg5 Bxf6+ 60. Kxf6 a4 0-1